000
00311pab a2200121 454500
008
180718b xxu||||| |||| 00| 0 eng d
100
_a
Khosla G.S.
245
_a
Railway budget : an analysis
362
_a
38(7), 30 Apr 1994, p.18-20
650
_a
Railroads -- Finance -- India
773
_a
Yojana
909
_a
26991
999
_c
26991
_d
26991